| 000 | 01196 a2200229 4500 | ||
|---|---|---|---|
| 003 | Nust | ||
| 005 | 20230523123822.0 | ||
| 010 | _a 79027769 | ||
| 020 | _a0312352166 : | ||
| 040 | _cNust | ||
| 082 | 0 | 0 | _a001.94,STO |
| 100 | 1 |
_aStory, Ronald. _9112536 |
|
| 245 | 1 | 0 |
_aGuardians of the universe? / _cRonald Story. |
| 260 |
_aNew York : _bSt. Martin's Press, _cc1980. |
||
| 300 |
_a207 p., [24] leaves of plates : _bill. ; _c22 cm. |
||
| 505 | _aThe Von Dakniken Mystique (Page-15), Other God Seekers (Page-21), God as Astronaut (Page-29), The Dawn of Man (Page-45), “Mysteries” Of Ancient Mexico and South America (Page-53), The Stone Giants of Easter Island (Page-69), In the Land of the Pharaohs (Page-77), Collector’s Miscellany (Page-89), The Tunguska Event (Page-95), Ancient UFOs and Contact (Page-101), The Sirius Mystery Solve (Page-113), EXO Theology The Religion of Outer Space (Page-127), UFOs: A Genuine Mystery (Page-139). | ||
| 600 | 1 | 0 |
_aD衮iken, Erich von, _d1935- _9112537 |
| 650 | 0 |
_aCivilization, Ancient _xExtraterrestrial influences. _9112538 |
|
| 650 | 0 |
_aLife on other planets. _9112539 |
|
| 650 | 0 |
_aUnidentified flying objects. _9112540 |
|
| 942 |
_2ddc _cBKB |
||
| 999 |
_c176060 _d176060 |
||